| 000 | 00816nam a2200265Ia 4500 | ||
|---|---|---|---|
| 003 | GCL | ||
| 008 | 140319s9999 xx 000 0 ara d | ||
| 040 |
_aGCL / _cGCL |
||
| 082 | 0 | 4 |
_aق _b920.71 _bح ش |
| 100 | 1 | _aحسين احمد امين | |
| 245 | 1 | 0 |
_aشخصيات عرفتها / _cحسين احمد امين |
| 250 | _aالاولى | ||
| 260 |
_aالقاهرة : _bدار العين للنشر ، _c2007 |
||
| 300 |
_a235 ص ؛ _c24 سم |
||
| 650 | 0 | 4 | _aمصطفى عبدالرازق |
| 650 | 0 | 4 | _aاحمد امين |
| 650 | 0 | 4 | _aالرجال - تراجم |
| 650 | 0 | 4 | _aسيد قطب |
| 650 | 0 | 4 | _aفرج فودة |
| 650 | 0 | 4 | _aالادباء المصريون - تراجم |
| 650 | 0 | 4 | _aمراد غالب |
| 650 | 0 | 4 | _aمحمود موسى |
| 650 | 0 | 4 | _aاسامة الباز |
| 942 |
_2ddc _cBK |
||
| 999 |
_c9791 _d9791 |
||